[Event "Tatry Open 2014"]
[Site "Tatranske Zruby SVK"]
[Date "2014.09.30"]
[Round "3.32"]
[White "Certek, P."]
[Black "Haring, Filip"]
[Result "1-0"]
[WhiteElo "2267"]
[BlackElo "2078"]
[PlyCount "159"]
[EventDate "2014.09.28"]

1. Nf3 Nf6 2. d4 e6 3. e3 b6 4. Bd3 Bb7 5. O-O Be7 6. c4 O-O 7. Nc3 c5 8. d5
exd5 9. cxd5 d6 10. e4 Nbd7 11. a4 a6 12. Re1 Qc7 13. Nd2 Ne5 14. Bf1 c4 15.
Nf3 Nxf3+ 16. Qxf3 Nd7 17. Qg3 Bf6 18. Bg5 Bxg5 19. Qxg5 Rae8 20. Qd2 Qc5 21.
Rad1 b5 22. axb5 axb5 23. Qd4 Ba6 24. Qxc5 Nxc5 25. f3 f6 26. Na2 Ra8 27. Nb4
Bb7 28. Rb1 Nb3 29. Red1 f5 30. g3 fxe4 31. fxe4 Rfe8 32. Bg2 Nc5 33. Re1 Ra4
34. Nc2 Nd3 35. Red1 Ra2 36. Rxd3 cxd3 37. Nb4 Ra4 38. Nxd3 g5 39. Nf2 Bc8 40.
Nd1 b4 41. Kf2 Ba6 42. Ke3 Rc8 43. Kd2 b3 44. Nc3 Rd4+ 45. Ke1 Rb4 46. Kd2 Rf8
47. Ke1 Bd3 48. Ra1 Rc4 49. Kd2 Bc2 50. Bf1 Rb4 51. Ke3 g4 52. Be2 h5 53. Ra6
Re8 54. Bd3 Rd8 55. Ra7 Rc8 56. Ra1 Rxc3 57. bxc3 b2 58. Ra8+ Kf7 59. Bxc2 b1=Q
60. Bxb1 Rxb1 61. Ra2 Rd1 62. Rf2+ Kg6 63. Rd2 Ra1 64. Kd4 Ra4+ 65. c4 Kf6 66.
Rb2 Ra1 67. Rf2+ Ke7 68. Rf5 Rd1+ 69. Ke3 Re1+ 70. Kd3 Rd1+ 71. Ke2 Rd4 72. Ke3
Rxc4 73. Rxh5 Kf6 74. Kf4 Ra4 75. Rh6+ Kg7 76. Rxd6 Ra2 77. Kxg4 Rxh2 78. Kg5
Re2 79. Rd7+ Kf8 80. Kf4 1-0

[Event "Tatry Open 2014"]
[Site "Tatranske Zruby SVK"]
[Date "2014.09.30"]
[Round "3.33"]
[White "Frink, F."]
[Black "Michalicka, M."]
[Result "0-1"]
[WhiteElo "2066"]
[BlackElo "2225"]
[PlyCount "54"]
[EventDate "2014.09.28"]

1. e4 c5 2. b3 Nf6 3. e5 Nd5 4. c4 Nc7 5. Bb2 Nc6 6. Ne2 Ne6 7. d4 cxd4 8. Nxd4
Qa5+ 9. Bc3 Qxe5+ 10. Ne2 Qc5 11. Nd2 b6 12. Ne4 Qh5 13. Qd2 Nc5 14. N4g3 Qh4
15. Qc2 e6 16. Rd1 Na6 17. Nd4 Bb4 18. Nxc6 dxc6 19. Bxb4 Nxb4 20. Qc3 c5 21.
a3 Nc6 22. Qxg7 Rf8 23. Be2 Nd4 24. Nh5 Ke7 25. Qe5 f6 26. Qc7+ Bd7 27. g3 Qe4
0-1

[Event "Tatry Open 2014"]
[Site "Tatranske Zruby SVK"]
[Date "2014.09.30"]
[Round "3.34"]
[White "Kubik, M."]
[Black "Bartos, A."]
[Result "1-0"]
[WhiteElo "2177"]
[BlackElo "2072"]
[PlyCount "106"]
[EventDate "2014.09.28"]

1. e4 c5 2. Nf3 e6 3. d4 cxd4 4. Nxd4 Nc6 5. Nc3 d6 6. Be2 Nf6 7. O-O Be7 8.
Kh1 O-O 9. f4 a6 10. a4 Qc7 11. g4 Nxd4 12. Qxd4 Nd7 13. g5 Re8 14. a5 b5 15.
axb6 Qxb6 16. Qxb6 Nxb6 17. Be3 Nd7 18. Ra4 Bb7 19. Rfa1 Nb8 20. Kg1 Rc8 21.
Kf2 Kf8 22. Ke1 Bd8 23. Kd2 Ke7 24. Bd4 Kf8 25. Bd3 Nc6 26. Be3 a5 27. Nb5 Ke7
28. c3 Rab8 29. R1a2 Ba8 30. h4 Bb6 31. Bxb6 Rxb6 32. b4 Rcb8 33. Nc7 Kd8 34.
Nxa8 Rxa8 35. b5 Nb8 36. Rxa5 Rxa5 37. Rxa5 Rb7 38. Ke3 Kc7 39. e5 dxe5 40.
fxe5 h6 41. c4 hxg5 42. hxg5 Kb6 43. Ra8 Nd7 44. Ra6+ Kc5 45. Rc6+ Kb4 46. Kd4
g6 47. Be4 Rb8 48. Bf3 Rh8 49. b6 Nb8 50. Rc7 Rd8+ 51. Ke3 Nd7 52. b7 Nb6 53.
c5 Na4 1-0

[Event "Tatry Open 2014"]
[Site "Tatranske Zruby SVK"]
[Date "2014.09.30"]
[Round "3.35"]
[White "Janousek, P."]
[Black "Capak, S."]
[Result "1-0"]
[WhiteElo "2174"]
[BlackElo "2063"]
[PlyCount "57"]
[EventDate "2014.09.28"]

1. e4 c5 2. Nf3 d6 3. d4 cxd4 4. Nxd4 Nf6 5. Nc3 a6 6. Bc4 e6 7. Bb3 Be7 8. g4
Nc6 9. g5 Nxd4 10. Qxd4 Nh5 11. Qd1 g6 12. Rg1 b5 13. Be3 O-O 14. Qd3 Bd7 15.
f4 Qc7 16. a3 Ng7 17. Bd4 Rab8 18. f5 exf5 19. O-O-O Be6 20. Bxg7 Kxg7 21. exf5
Bxf5 22. Qd4+ Kg8 23. Rde1 Qd7 24. Nd5 Be6 25. h4 Bd8 26. h5 Re8 27. h6 f6 28.
gxf6 Bf7 29. Ne7+ 1-0

[Event "Tatry Open 2014"]
[Site "Tatranske Zruby SVK"]
[Date "2014.09.30"]
[Round "3.36"]
[White "Koval, A."]
[Black "Tropp, O."]
[Result "0-1"]
[WhiteElo "2170"]
[BlackElo "2048"]
[PlyCount "52"]
[EventDate "2014.09.28"]

1. e4 e6 2. Qe2 c5 3. g3 Nc6 4. Bg2 d6 5. f4 e5 6. d3 Nf6 7. c3 Bg4 8. Nf3 Qd7
9. O-O h5 10. f5 h4 11. h3 Bxf3 12. Qxf3 hxg3 13. Qxg3 Be7 14. Be3 O-O-O 15.
Qf2 Rdg8 16. d4 g6 17. dxc5 dxc5 18. Na3 Nxe4 19. Bxe4 gxf5+ 20. Bg2 f4 21.
Bxf4 exf4 22. Qxf4 Rxg2+ 23. Kxg2 Qxh3+ 24. Kf2 Bh4+ 25. Ke2 Re8+ 26. Kd2 Qg2+
0-1

[Event "Tatry Open 2014"]
[Site "Tatranske Zruby SVK"]
[Date "2014.09.30"]
[Round "3.37"]
[White "Murin, P."]
[Black "Bojda, L."]
[Result "0-1"]
[WhiteElo "2051"]
[BlackElo "2167"]
[PlyCount "60"]
[EventDate "2014.09.28"]

1. d4 Nf6 2. c4 e6 3. g3 c5 4. d5 d6 5. Bg2 e5 6. Nc3 Be7 7. e4 O-O 8. Nge2 Bd7
9. O-O b5 10. cxb5 a6 11. bxa6 Qb6 12. h3 Nxa6 13. b3 Rfb8 14. Be3 Ne8 15. f4
exf4 16. gxf4 Bf6 17. Rc1 Nb4 18. a4 Na6 19. Qe1 Ra7 20. Qg3 g6 21. e5 Bg7 22.
Ne4 Bf5 23. exd6 Bxe4 24. Bxe4 Nxd6 25. Bd3 Re7 26. f5 Rbe8 27. fxg6 hxg6 28.
Rf3 Rxe3 29. Rxe3 c4 30. Bxc4 Rxe3 0-1

[Event "Tatry Open 2014"]
[Site "Tatranske Zruby SVK"]
[Date "2014.09.30"]
[Round "3.38"]
[White "Kolesar, Mil"]
[Black "Grove, Michael"]
[Result "1-0"]
[WhiteElo "2166"]
[BlackElo "2041"]
[PlyCount "69"]
[EventDate "2014.09.28"]

1. Nf3 b6 2. g3 Bb7 3. Bg2 g5 4. h3 Bg7 5. d4 h6 6. c3 e6 7. Na3 Nf6 8. Be3 a6
9. Nc4 d6 10. Kf1 Nbd7 11. Ne1 Qc8 12. Bf3 d5 13. Nd2 e5 14. dxe5 Nxe5 15. Bg2
Qe6 16. Nef3 Nc6 17. Nb3 O-O-O 18. Nbd4 Nxd4 19. Nxd4 Qd7 20. Qd3 Rhe8 21. Qf5
Ne4 22. Qxd7+ Rxd7 23. Nf5 Bf8 24. Bf3 Kb8 25. h4 Ka7 26. Rd1 Re5 27. g4 Nd6
28. hxg5 hxg5 29. Rh8 Nxf5 30. gxf5 Bg7 31. Rh7 f6 32. Bxg5 Rde7 33. Rxg7 fxg5
34. f6 R7e6 35. Rxc7 1-0

[Event "Tatry Open 2014"]
[Site "Tatranske Zruby SVK"]
[Date "2014.09.30"]
[Round "3.39"]
[White "Mrva, V."]
[Black "Hujo, J."]
[Result "1-0"]
[WhiteElo "2138"]
[BlackElo "2038"]
[PlyCount "70"]
[EventDate "2014.09.28"]

1. e4 e6 2. d4 d5 3. exd5 exd5 4. Bd3 Nc6 5. c3 Nf6 6. Ne2 Bd6 7. O-O O-O 8.
Ng3 Re8 9. Nf5 Bxf5 10. Bxf5 Ne4 11. g3 Qf6 12. Bh3 Qg6 13. Qg4 Re7 14. Qxg6
hxg6 15. Nd2 Nf6 16. Rd1 Rae8 17. Nf3 Ne4 18. Bf1 a6 19. Ng5 Nxg5 20. Bxg5 f6
21. Bd2 Nd8 22. Bd3 Kf7 23. Re1 Ne6 24. Rad1 f5 25. Kg2 Kf6 26. h4 f4 27. g4 c5
28. dxc5 Nxc5 29. g5+ Kf7 30. Rxe7+ Rxe7 31. Bc2 Ne6 32. Bb3 Nc7 33. Kf3 Ke8
34. Re1 Rxe1 35. Bxe1 Be5 1-0

[Event "Tatry Open 2014"]
[Site "Tatranske Zruby SVK"]
[Date "2014.09.30"]
[Round "3.40"]
[White "Yao, Lan"]
[Black "Vanka, M."]
[Result "1/2-1/2"]
[WhiteElo "2015"]
[BlackElo "2135"]
[PlyCount "145"]
[EventDate "2014.09.28"]

1. e4 c5 2. Nf3 Nc6 3. d4 cxd4 4. Nxd4 e5 5. Nb5 d6 6. c4 Be7 7. N1c3 a6 8. Na3
Nf6 9. Nc2 O-O 10. Be2 Ne8 11. O-O Bg5 12. Ne3 g6 13. Bg4 Ng7 14. Bxc8 Rxc8 15.
Ncd5 Ne6 16. Ng4 Kg7 17. f4 exf4 18. Nxf4 Bxf4 19. Bxf4 Nxf4 20. Rxf4 Ne5 21.
b3 Qg5 22. Qd2 Kh8 23. h4 Qe7 24. Nf6 h5 25. Rf2 Ng4 26. Qf4 Qe5 27. Rd1 Qxf4
28. Rxf4 Nxf6 29. Rxf6 Kg7 30. Rfxd6 Rfe8 31. R1d4 Re7 32. Rd7 Rce8 33. Rxe7
Rxe7 34. Kf2 Rc7 35. Rd5 Kf6 36. Ke3 Ke6 37. Kf4 f6 38. c5 Rc6 39. b4 b6 40. a3
bxc5 41. bxc5 Ke7 42. e5 fxe5+ 43. Kxe5 Re6+ 44. Kd4 Rf6 45. Re5+ Kd7 46. Kd5
Rf2 47. c6+ Kd8 48. Rg5 Rf6 49. Rg3 Kc7 50. Rc3 Rf2 51. Rg3 Rf6 52. Rf3 Rxc6
53. Rf7+ Kb6 54. Rf8 Rc5+ 55. Kd4 Ra5 56. Rf6+ Kb7 57. Rxg6 Ra4+ 58. Kc5 Rxh4
59. Rg7+ Kc8 60. Kb6 Ra4 61. Rg3 h4 62. Rd3 Rg4 63. Rd2 Ra4 64. Rd3 Rg4 65. Rh3
Ra4 66. Kc6 Rc4+ 67. Kb6 Ra4 68. Ka7 Kd7 69. Kb7 Ke6 70. Kc6 Rc4+ 71. Kb6 Ra4
72. Rd3 Ke5 73. Kc5 1/2-1/2

[Event "Tatry Open 2014"]
[Site "Tatranske Zruby SVK"]
[Date "2014.09.30"]
[Round "4.1"]
[White "Vojta, T."]
[Black "Pagerka, M."]
[Result "1/2-1/2"]
[WhiteElo "2373"]
[BlackElo "2297"]
[PlyCount "47"]
[EventDate "2014.09.28"]

1. d4 Nf6 2. Nf3 e6 3. Bf4 Be7 4. e3 O-O 5. Nbd2 d5 6. Bd3 Nbd7 7. Ne5 c5 8. c3
Nxe5 9. Bxe5 Nd7 10. Bg3 f5 11. O-O c4 12. Bc2 b5 13. a3 Nb6 14. Nf3 Bd7 15.
Ne5 Be8 16. f3 a5 17. Qd2 Ra7 18. e4 Rb7 19. exf5 exf5 20. Kh1 Nc8 21. Rfe1 Nd6
22. Re2 Bg5 23. Bf4 Bf6 24. Bg3 1/2-1/2

[Event "Tatry Open 2014"]
[Site "Tatranske Zruby SVK"]
[Date "2014.09.30"]
[Round "4.2"]
[White "Jarmula, L."]
[Black "Zambor, N."]
[Result "1/2-1/2"]
[WhiteElo "2314"]
[BlackElo "2279"]
[PlyCount "146"]
[EventDate "2014.09.28"]

1. d4 Nf6 2. c4 c5 3. d5 g6 4. Nc3 Bg7 5. e4 d6 6. Bd3 O-O 7. h3 e5 8. Bg5 h6
9. Be3 Ne8 10. Qd2 Kh7 11. Nge2 f5 12. exf5 Bxf5 13. Ne4 Nf6 14. N2g3 Nxe4 15.
Nxe4 b5 16. g4 bxc4 17. gxf5 cxd3 18. fxg6+ Kg8 19. h4 Qd7 20. O-O-O Na6 21.
Qxd3 Nb4 22. Qc4 Rab8 23. a3 Rb6 24. Bxc5 dxc5 25. d6+ Kh8 26. Nxc5 Rf4 27.
Qxf4 Na2+ 28. Kc2 Rxb2+ 29. Kxb2 exf4+ 30. Kxa2 Qf5 31. Rc1 Qe5 32. Rc2 Qd5+
33. Nb3 Qxd6 34. Rc8+ Bf8 35. Kb2 Qe5+ 36. Ka2 Qd6 37. Kb2 Qxa3+ 38. Kc2 Qa2+
39. Kc3 Qa3 40. Rd1 Kg7 41. Rdd8 Bb4+ 42. Kc4 Kxg6 43. Rc6+ Kh5 44. Rd5+ Kg4
45. Rg6+ Kf3 46. Rd3+ Kxf2 47. Nd4 Qc1+ 48. Kxb4 a5+ 49. Kb5 Qb1+ 50. Kc4 Qb4+
51. Kd5 Qb7+ 52. Rc6 Kg2 53. Ke6 f3 54. Rc2+ f2 55. Rdd2 Qe4+ 56. Kd6 Qxh4 57.
Kc5 h5 58. Nf5 Qf4 59. Rxf2+ Qxf2+ 60. Rxf2+ Kxf2 61. Kb5 Kf3 62. Kxa5 Kg4 63.
Ne3+ Kf3 64. Nf5 Kf4 65. Nh4 Kg4 66. Ng2 Kg3 67. Ne3 Kf3 68. Nf5 Kf4 69. Nh4
Kg4 70. Ng2 Kg3 71. Ne3 h4 72. Nf5+ Kg4 73. Nxh4 Kxh4 1/2-1/2

[Event "Tatry Open 2014"]
[Site "Tatranske Zruby SVK"]
[Date "2014.09.30"]
[Round "4.3"]
[White "Jasny, S."]
[Black "Constantinou, Pe"]
[Result "1/2-1/2"]
[WhiteElo "2409"]
[BlackElo "2311"]
[PlyCount "71"]
[EventDate "2014.09.28"]

1. e4 c6 2. d4 d5 3. Nd2 g6 4. Ngf3 Bg4 5. c3 Bxf3 6. Qxf3 e6 7. Bd3 Nd7 8. O-O
Bg7 9. Re1 Ne7 10. Qh3 h6 11. exd5 cxd5 12. Nf3 Qc7 13. Bd2 Kf8 14. Re2 Kg8 15.
Rae1 Bf6 16. Qg4 Kg7 17. Bf4 Qd8 18. h4 h5 19. Qg3 Rc8 20. Be5 Nc6 21. Bxf6+
Qxf6 22. Ng5 Rhe8 23. Re3 Ne7 24. Qd6 Nf8 25. Qb4 Rc7 26. Rf3 Nf5 27. Bxf5 gxf5
28. Qa4 Ra8 29. Rg3 Ng6 30. Nf3 Kh6 31. Qd1 f4 32. Rg5 Nxh4 33. Ree5 Nxf3+ 34.
Qxf3 Qxg5 35. Rxg5 Kxg5 36. g3 1/2-1/2

[Event "Tatry Open 2014"]
[Site "Tatranske Zruby SVK"]
[Date "2014.09.30"]
[Round "4.4"]
[White "Vojtek, V."]
[Black "Kernazhitsky, L."]
[Result "0-1"]
[WhiteElo "2336"]
[BlackElo "2298"]
[PlyCount "78"]
[EventDate "2014.09.28"]

1. e4 c5 2. f4 e6 3. Nf3 d5 4. Bb5+ Bd7 5. Bxd7+ Nxd7 6. d3 Ngf6 7. Nc3 Be7 8.
e5 Ng4 9. O-O h5 10. f5 Qb6 11. Bf4 O-O-O 12. a4 d4 13. Nb5 exf5 14. Re1 Ne3
15. Bxe3 dxe3 16. Rxe3 g5 17. Nd2 Kb8 18. Nc4 Qc6 19. Qe1 Nb6 20. Nxb6 Qxb6 21.
c4 f4 22. Re4 Rxd3 23. a5 Qd8 24. Nc3 f5 25. exf6 Bxf6 26. Nd5 a6 27. Qe2 Rxd5
28. cxd5 Qxd5 29. Re1 Bd4+ 30. Kh1 h4 31. Qd3 Rd8 32. Re8 Rxe8 33. Rxe8+ Ka7
34. b3 Qc6 35. Re7 g4 36. Re1 h3 37. Qe4 hxg2+ 38. Kxg2 f3+ 39. Kg3 f2 0-1

[Event "Tatry Open 2014"]
[Site "Tatranske Zruby SVK"]
[Date "2014.09.30"]
[Round "4.5"]
[White "Belunek, V."]
[Black "Michenka, J."]
[Result "1/2-1/2"]
[WhiteElo "2226"]
[BlackElo "2326"]
[PlyCount "37"]
[EventDate "2014.09.28"]

1. d4 Nf6 2. Nf3 e6 3. g3 b6 4. Bg2 Bb7 5. O-O Be7 6. c4 O-O 7. Nc3 Ne4 8. Qd3
Nxc3 9. Qxc3 c5 10. Rd1 d6 11. b3 Bf6 12. Qc2 Nc6 13. Bb2 Qe7 14. dxc5 Bxb2 15.
Qxb2 dxc5 16. Rd2 Rfd8 17. Rad1 Rxd2 18. Rxd2 Rd8 19. h4 1/2-1/2

[Event "Tatry Open 2014"]
[Site "Tatranske Zruby SVK"]
[Date "2014.09.30"]
[Round "4.6"]
[White "Borosova, Z."]
[Black "Biolek, R2."]
[Result "0-1"]
[WhiteElo "2263"]
[BlackElo "2432"]
[PlyCount "60"]
[EventDate "2014.09.28"]

1. e4 e5 2. Nf3 Nc6 3. Bc4 Bc5 4. c3 Nf6 5. b4 Bb6 6. d3 d6 7. Nbd2 O-O 8. Bb3
Re8 9. Nc4 d5 10. Nxb6 axb6 11. O-O h6 12. Re1 Bg4 13. Bd2 dxe4 14. dxe4 Bxf3
15. gxf3 Nh5 16. Kh1 Qf6 17. Re3 Rad8 18. Qc2 Qh4 19. Rf1 Rd6 20. Rd3 Red8 21.
Rxd6 Rxd6 22. Be3 Qh3 23. Qe2 Nf4 24. Bxf4 exf4 25. Rg1 Ne5 26. Qb5 Qxf3+ 27.
Rg2 Rg6 28. Qf1 Nd3 29. Kg1 Qxe4 30. Bc2 Rxg2+ 0-1

[Event "Tatry Open 2014"]
[Site "Tatranske Zruby SVK"]
[Date "2014.09.30"]
[Round "4.8"]
[White "Malik, J."]
[Black "Berezjuk, S."]
[Result "0-1"]
[WhiteElo "2253"]
[BlackElo "2371"]
[PlyCount "112"]
[EventDate "2014.09.28"]

1. e4 e5 2. Nf3 Nc6 3. Bb5 a6 4. Ba4 Nf6 5. O-O Be7 6. Bxc6 dxc6 7. d3 Nd7 8.
Nbd2 Bd6 9. Nc4 c5 10. a4 Qe7 11. Ne3 Nf6 12. Re1 Be6 13. Nf5 Bxf5 14. exf5 Nd7
15. Ng5 O-O-O 16. Ne4 h6 17. b3 Nf6 18. Qf3 Nd5 19. Ba3 Nb4 20. Bxb4 cxb4 21.
Qe3 f6 22. Qa7 c6 23. Qe3 Qd7 24. Qh3 Rhe8 25. Qh5 Bf8 26. Qg6 a5 27. Rab1 b6
28. Re3 Kb7 29. Rg3 Re7 30. h3 Qc7 31. Rg4 Red7 32. Re1 Ka7 33. Qh5 Re7 34. Qh4
Rd4 35. Ng3 Red7 36. Nh5 Qd8 37. Qg3 Rxg4 38. Qxg4 Qc7 39. Re4 b5 40. f4 bxa4
41. bxa4 Qb6+ 42. Kh2 exf4 43. Qf3 Bd6 44. Re6 Qc7 45. h4 Kb7 46. Kh3 Be5 47.
Kg4 Qb6 48. Nxf4 Rd4 49. g3 Qc5 50. h5 Qxc2 51. Qe3 Qc5 52. Kf3 b3 53. Qe1 Rxa4
54. d4 Rxd4 55. Re8 b2 56. Ne6 Qd5+ 0-1

[Event "Tatry Open 2014"]
[Site "Tatranske Zruby SVK"]
[Date "2014.09.30"]
[Round "4.9"]
[White "Sejkora, V."]
[Black "Petran, Pe"]
[Result "0-1"]
[WhiteElo "2243"]
[BlackElo "2327"]
[PlyCount "54"]
[EventDate "2014.09.28"]

1. e4 c6 2. d3 d5 3. Nd2 g6 4. Be2 Bg7 5. h3 e5 6. Ngf3 Ne7 7. c3 h6 8. g4 O-O
9. Nf1 c5 10. Ng3 Nbc6 11. Qc2 Be6 12. b3 b5 13. Bd2 a5 14. Rd1 a4 15. exd5
Nxd5 16. Qc1 axb3 17. axb3 Nf4 18. Bxf4 exf4 19. Qxf4 Bxc3+ 20. Kf1 Bg7 21. Ne4
Bxb3 22. Rc1 Nd4 23. Nxd4 Qxd4 24. Qe3 f5 25. Nxc5 Bd5 26. Qxd4 Bxd4 27. Rg1
Bxc5 0-1

[Event "Tatry Open 2014"]
[Site "Tatranske Zruby SVK"]
[Date "2014.09.30"]
[Round "4.10"]
[White "Pribyl, Jo"]
[Black "Jossien, A."]
[Result "1-0"]
[WhiteElo "2244"]
[BlackElo "2326"]
[PlyCount "143"]
[EventDate "2014.09.28"]

1. e4 g6 2. d4 Bg7 3. Nc3 c6 4. Nf3 d5 5. h3 dxe4 6. Nxe4 Nd7 7. Bc4 Ngf6 8.
Nxf6+ Nxf6 9. O-O O-O 10. Re1 Nd5 11. Bb3 a5 12. a3 a4 13. Ba2 Bf5 14. Qe2 Re8
15. Bg5 h6 16. Bd2 g5 17. Ne5 e6 18. c3 Qb6 19. g4 Bh7 20. Bb1 Bxb1 21. Raxb1
Rad8 22. Qf3 f6 23. Nd3 e5 24. Nc5 exd4 25. Rxe8+ Rxe8 26. cxd4 Bf8 27. Qd3 Kg7
28. Nxa4 Qa7 29. Nc3 Bd6 30. Nxd5 cxd5 31. Re1 Rxe1+ 32. Bxe1 Qa4 33. Kg2 Bf4
34. Bb4 Qd7 35. Qf5 Qxf5 36. gxf5 Kf7 37. a4 Ke8 38. Bc3 Kd7 39. b4 b5 40. a5
h5 41. Kf3 Bc1 42. Ke2 Bf4 43. Bd2 Bd6 44. f3 h4 45. f4 gxf4 46. Kf3 Kc6 47.
Kg4 Kb7 48. Be1 Ka6 49. Kf3 Kb7 50. Ke2 Ka6 51. Kd3 Kb7 52. Bxh4 Bxb4 53. Bxf6
Bf8 54. Bg5 f3 55. Ke3 Ka6 56. Kxf3 Kxa5 57. Ke2 Kb4 58. Kd3 Ka3 59. Bc1+ Ka2
60. f6 b4 61. h4 b3 62. Kc3 Kb1 63. Bb2 Ka2 64. f7 Bh6 65. h5 Bf8 66. Bc1 Kb1
67. h6 Kxc1 68. h7 b2 69. h8=Q Bb4+ 70. Kxb4 b1=Q+ 71. Kc5 Qc2+ 72. Kd6 1-0

[Event "Tatry Open 2014"]
[Site "Tatranske Zruby SVK"]
[Date "2014.09.30"]
[Round "4.11"]
[White "Nayhebaver, Martin"]
[Black "Skreno, V."]
[Result "1-0"]
[WhiteElo "2301"]
[BlackElo "2244"]
[PlyCount "127"]
[EventDate "2014.09.28"]

1. e4 c5 2. Nf3 Nc6 3. Nc3 g6 4. d4 cxd4 5. Nxd4 Bg7 6. Be3 Nf6 7. Bc4 O-O 8.
Bb3 Ng4 9. Qxg4 Nxd4 10. Qd1 Nxb3 11. axb3 b6 12. Bd4 f6 13. Qd3 Bb7 14. O-O-O
Qc7 15. h4 Rad8 16. h5 Bh6+ 17. Kb1 g5 18. Nd5 Bxd5 19. exd5 e5 20. Be3 d6 21.
Qf5 Qd7 22. g4 Qxf5 23. gxf5 Rf7 24. Rhg1 Kf8 25. Rg4 Rc8 26. c3 Rb7 27. Kc2
Kf7 28. Ra1 Bf8 29. Rga4 Rcc7 30. Kd3 Be7 31. Rc4 Kg7 32. Rc6 Kh6 33. f3 Bf8
34. Kc4 Be7 35. Kb5 Rd7 36. Rc8 Rbc7 37. Re8 Rd8 38. Rxd8 Bxd8 39. b4 Be7 40.
c4 Bf8 41. b3 Be7 42. Rd1 Rc8 43. c5 bxc5 44. bxc5 Rb8+ 45. Kc4 a5 46. Bd2 dxc5
47. Bxa5 Bd6 48. Bd2 Ra8 49. Kb5 Ra3 50. Kc6 Ra6+ 51. Kd7 Bf8 52. Ke8 Kg7 53.
h6+ Kg8 54. Be3 Rb6 55. Rd3 Rb8+ 56. Kd7 Bxh6 57. Kc7 Rb5 58. d6 Bf8 59. Kc6
Rb8 60. d7 Be7 61. Bxc5 Bd8 62. b4 h5 63. b5 Kf7 64. b6 1-0

[Event "Tatry Open 2014"]
[Site "Tatranske Zruby SVK"]
[Date "2014.09.30"]
[Round "4.12"]
[White "Obona, J."]
[Black "Vul, A."]
[Result "1/2-1/2"]
[WhiteElo "2166"]
[BlackElo "2294"]
[PlyCount "134"]
[EventDate "2014.09.28"]

1. Nf3 d5 2. c4 e6 3. g3 Nf6 4. Bg2 Be7 5. O-O O-O 6. b3 b6 7. Bb2 Bb7 8. d3 c5
9. Nbd2 Nc6 10. a3 Qc7 11. cxd5 Nxd5 12. Qc2 Rac8 13. Rac1 Qb8 14. Qb1 Rfd8 15.
Rfd1 Rc7 16. e4 Nf6 17. Nc4 Rcc8 18. Nce5 Nxe5 19. Nxe5 Nd7 20. Nxd7 Rxd7 21.
d4 cxd4 22. Rxc8+ Qxc8 23. Rxd4 Rxd4 24. Bxd4 Bxa3 25. Bxg7 Qc1+ 26. Qxc1 Bxc1
27. Bd4 Ba3 28. f3 Kf8 29. Kf2 Ke7 30. Ke3 f6 31. Bf1 e5 32. Bc3 Bc1+ 33. Kf2
a5 34. Bb5 Ba3 35. Ke3 Kd6 36. f4 Bc5+ 37. Kd3 Bg1 38. fxe5+ fxe5 39. b4 Bxh2
40. bxa5 bxa5 41. Bxa5 Kc5 42. Bd7 Bxg3 43. Ke3 h5 44. Kf3 h4 45. Bd8 Ba6 46.
Kg4 Be2+ 47. Kh3 Kd4 48. Bxh4 Bf4 49. Bc6 Bf3 50. Bd8 Kd3 51. Bc7 Ke2 52. Bb5+
Kf2 53. Bc6 Be2 54. Kh4 Ke3 55. Bb6+ Kf3 56. Bc7 Bc4 57. Kh5 Bf7+ 58. Kh4 Bg6
59. Bb7 Bf7 60. Bc6 Be6 61. Kh5 Bf7+ 62. Kh4 Bg8 63. Kh5 Bf7+ 64. Kh4 Bg6 65.
Bb7 Bxe4 66. Bxe4+ Kxe4 67. Bxe5 Kxe5 1/2-1/2

[Event "Tatry Open 2014"]
[Site "Tatranske Zruby SVK"]
[Date "2014.09.30"]
[Round "4.13"]
[White "Veleski, R."]
[Black "Ruckschloss, K."]
[Result "1-0"]
[WhiteElo "2284"]
[BlackElo "2207"]
[PlyCount "101"]
[EventDate "2014.09.28"]

1. Nf3 d6 2. g3 e5 3. d3 g6 4. Bg2 Bg7 5. c4 f5 6. Nc3 Nf6 7. Qb3 Nc6 8. c5
dxc5 9. Ng5 Qe7 10. Be3 Nd4 11. Bxd4 cxd4 12. Bxb7 Bxb7 13. Qxb7 O-O 14. Na4
Rab8 15. Qc6 Qb4+ 16. Kf1 h6 17. a3 Qd6 18. Qc4+ Nd5 19. Nf3 Kh7 20. Rc1 a5 21.
Qc6 Rf6 22. Qxd6 Rxd6 23. Kg2 Nb6 24. Nc5 Nd5 25. Rc2 Rdb6 26. Na4 Rb5 27. Rhc1
g5 28. Rc6 g4 29. Nd2 Nb6 30. Nxb6 R5xb6 31. Rxb6 cxb6 32. Rc7 b5 33. Nb3 a4
34. Nc5 Kg6 35. h3 h5 36. f3 gxh3+ 37. Kxh3 Rb6 38. g4 hxg4+ 39. fxg4 fxg4+ 40.
Kxg4 b4 41. Nxa4 bxa3 42. bxa3 Rf6 43. Nc5 Rf2 44. Rc6+ Kf7 45. Ne4 Rxe2 46.
Kf5 Rg2 47. Ng5+ Ke7 48. Rc7+ Kd6 49. Rxg7 Rf2+ 50. Kg4 Ra2 51. Ne4+ 1-0

[Event "Tatry Open 2014"]
[Site "Tatranske Zruby SVK"]
[Date "2014.09.30"]
[Round "4.14"]
[White "Gumularz, Szymon"]
[Black "Sikorova, O."]
[Result "1-0"]
[WhiteElo "2132"]
[BlackElo "2282"]
[PlyCount "45"]
[EventDate "2014.09.28"]

1. Nf3 Nf6 2. g3 d5 3. Bg2 c5 4. O-O Nc6 5. d4 cxd4 6. Nxd4 e5 7. Nxc6 bxc6 8.
c4 Be6 9. Nc3 Qd7 10. Qa4 Rb8 11. cxd5 cxd5 12. Qxd7+ Kxd7 13. Rd1 Kc6 14. Bg5
Rxb2 15. Rac1 Kd7 16. Nxd5 Nxd5 17. Bxd5 Bxd5 18. Rxd5+ Ke6 19. e4 f6 20. Be3
Bb4 21. Rc6+ Kf7 22. Rd7+ Kg6 23. Rcc7 1-0

[Event "Tatry Open 2014"]
[Site "Tatranske Zruby SVK"]
[Date "2014.09.30"]
[Round "4.15"]
[White "Andras, T."]
[Black "Prandstetter, E."]
[Result "0-1"]
[WhiteElo "2106"]
[BlackElo "2273"]
[PlyCount "90"]
[EventDate "2014.09.28"]

1. e4 e6 2. f4 d5 3. e5 c5 4. b4 cxb4 5. a3 Nc6 6. Nf3 bxa3 7. d4 a6 8. Nxa3
Bd7 9. c3 b5 10. Nc2 Na5 11. Ne3 g6 12. Bd3 Nc4 13. O-O h5 14. Qe1 Nh6 15. Ng5
Be7 16. Nxd5 exd5 17. e6 Bxe6 18. Nxe6 fxe6 19. Qxe6 Qd6 20. Bxg6+ Kd8 21.
Qxd6+ Nxd6 22. Bxh5 Ne4 23. f5 Bf6 24. Ra3 Rc8 25. Rxa6 Rxc3 26. Ra8+ Kc7 27.
Bf4+ Kb7 28. Rxh8 Bxh8 29. Be5 Bf6 30. Be2 b4 31. g4 Bg5 32. Bf3 b3 33. Bxe4
dxe4 34. f6 Nf7 35. h4 b2 36. hxg5 Rc1 37. g6 Rxf1+ 38. Kxf1 b1=Q+ 39. Kg2 Nxe5
40. dxe5 Qb2+ 41. Kh3 Qxe5 42. g7 Qe6 43. Kg3 e3 44. Kf3 Qxf6+ 45. Kxe3 Qxg7
0-1

[Event "Tatry Open 2014"]
[Site "Tatranske Zruby SVK"]
[Date "2014.09.30"]
[Round "4.16"]
[White "Najgebauer, S."]
[Black "Volodin, V."]
[Result "1-0"]
[WhiteElo "2273"]
[BlackElo "2217"]
[PlyCount "69"]
[EventDate "2014.09.28"]

1. d4 d5 2. c4 e6 3. Nc3 c6 4. e3 Nf6 5. Nf3 Nbd7 6. Qc2 Bd6 7. Bd3 O-O 8. O-O
dxc4 9. Bxc4 b5 10. Be2 Bb7 11. Rd1 Qc7 12. h3 a6 13. e4 e5 14. dxe5 Nxe5 15.
Nd4 Ng6 16. Bg5 Bh2+ 17. Kh1 Be5 18. Bxf6 Bxf6 19. Nd5 Qe5 20. Nxf6+ Qxf6 21.
Nf5 Rad8 22. b4 Nf4 23. Bf3 Qe5 24. Rac1 h6 25. Rxd8 Rxd8 26. Rd1 Ne6 27. Rxd8+
Nxd8 28. Qd1 Ne6 29. Qd7 Qa1+ 30. Kh2 Qe5+ 31. g3 Ng5 32. Bg2 Nxe4 33. Ne7+ Kh7
34. f4 Qb2 35. Qf5+ 1-0

[Event "Tatry Open 2014"]
[Site "Tatranske Zruby SVK"]
[Date "2014.09.30"]
[Round "4.17"]
[White "Bojda, L."]
[Black "Cech, P."]
[Result "0-1"]
[WhiteElo "2167"]
[BlackElo "2424"]
[PlyCount "110"]
[EventDate "2014.09.28"]

1. c4 c6 2. d4 d5 3. Nf3 Nf6 4. e3 Bf5 5. Nc3 e6 6. Be2 Nbd7 7. Nh4 Be4 8. f3
Bg6 9. Nxg6 hxg6 10. Qb3 Qc7 11. f4 Nb6 12. Bd2 Nxc4 13. Bxc4 dxc4 14. Qxc4 Nd5
15. Rc1 Nxc3 16. Qxc3 g5 17. Qa5 Qxa5 18. Bxa5 gxf4 19. exf4 Rh5 20. Bc3 Be7
21. O-O Rd8 22. Rce1 Rhd5 23. g4 Bf6 24. g5 Bxd4+ 25. Bxd4 Rxd4 26. g6 fxg6 27.
Rxe6+ Kf7 28. Re2 Rd2 29. Rff2 Rxe2 30. Rxe2 Rd4 31. Rf2 Ke6 32. Kg2 Kf5 33.
Kg3 Rd3+ 34. Kh4 c5 35. b3 b6 36. h3 Re3 37. Rg2 Rf3 38. Rg5+ Kf6 39. Rg2 Rxf4+
40. Kg3 g5 41. Re2 Rd4 42. Rf2+ Kg6 43. Re2 Kh5 44. Re3 Rd2 45. a4 Rb2 46. Rc3
Ra2 47. Re3 Rc2 48. Rf3 a6 49. Re3 b5 50. axb5 axb5 51. Re5 Rc3+ 52. Kg2 b4 53.
Rd5 Kh4 54. Rd7 Rg3+ 55. Kf2 Rxh3 0-1